[Event "Bansko Grand Chess Open"]
[Site "Bansko BUL"]
[Date "2010.12.15"]
[Round "4.16"]
[White "Dounis, Alexandros"]
[Black "Dimitrov, Radoslav"]
[Result "0-1"]
[BlackTitle "IM"]
[WhiteElo "2207"]
[BlackElo "2410"]
[WhiteFideId "4213238"]
[BlackFideId "2908549"]
[EventDate "2010.12.13"]

1. Nf3 c5 2. g3 Nc6 3. d4 cxd4 4. Nxd4 g6 5. Bg2 Bg7 6. Nb3 Nf6 7. O-O O-O 8.
Nc3 d6 9. Re1 Be6 10. e4 Qd7 11. Nd5 Bg4 12. f3 Bh3 13. Bg5 Bxg2 14. Kxg2 Nxd5
15. exd5 Ne5 16. Nd4 h6 17. Bc1 Rac8 18. b3 b5 19. Be3 Qb7 20. a4 b4 21. Qd2
Qxd5 22. Rad1 Rc3 23. Rf1 Rfc8 24. Bxh6 Nxf3 25. Rxf3 Bxd4 26. Qxd4 Qxf3+ 27.
Kg1 e5 28. Qxd6 Rxc2 0-1

[Event "Bansko Grand Chess Open"]
[Site "Bansko BUL"]
[Date "2010.12.15"]
[Round "4.17"]
[White "Todorov, Momchil"]
[Black "Fazulyanov, Sergey"]
[Result "0-1"]
[BlackTitle "FM"]
[WhiteElo "2205"]
[BlackElo "2365"]
[WhiteFideId "2906350"]
[BlackFideId "4153383"]
[EventDate "2010.12.13"]

1. d4 d5 2. c4 e6 3. Nc3 c6 4. e3 Bd6 5. Nf3 f5 6. Bd3 Nf6 7. h3 O-O 8. Qc2 Ne4
9. a3 a5 10. b3 b6 11. Bb2 Qe7 12. Ne5 Bb7 13. O-O Nd7 14. f4 Bxe5 15. fxe5 Qg5
16. Rae1 Ng3 17. Rf3 Rae8 18. cxd5 exd5 19. Ne2 Ne4 20. Ref1 g6 21. a4 Qh6 22.
Ba3 c5 23. Bb5 Rf7 24. Nf4 Ng5 25. R3f2 Ne6 26. Nxe6 Rxe6 27. dxc5 Nxc5 28. Bxc5
bxc5 29. Qxc5 Rxe5 30. Rf4 Rfe7 31. Qd6 Kg7 32. R1f3 d4 33. exd4 R5e6 34. Qb8
Bxf3 35. Rxf3 Qc1+ 36. Bf1 Re3 37. Qd6 Qe1 38. Rf2 Rxb3 39. Rc2 Rb1 40. Kh2 Qe6
41. Qf4 Qe4 42. Qxe4 fxe4 0-1

[Event "Bansko Grand Chess Open"]
[Site "Bansko BUL"]
[Date "2010.12.15"]
[Round "4.19"]
[White "Gvetadze, Sopio"]
[Black "Hristodoulou, Panagiotis"]
[Result "1-0"]
[WhiteTitle "IM"]
[WhiteElo "2350"]
[BlackElo "2207"]
[WhiteFideId "13601440"]
[BlackFideId "4214340"]
[EventDate "2010.12.13"]

1. e4 Nf6 2. e5 Nd5 3. d4 d6 4. Nf3 dxe5 5. Nxe5 c6 6. Bc4 Nd7 7. Nf3 N7f6 8. h3
Bf5 9. O-O e6 10. Nh4 Bg6 11. Nxg6 hxg6 12. Re1 Bd6 13. Bb3 O-O 14. Nd2 Qc7 15.
Nc4 Bh2+ 16. Kh1 Bf4 17. Ne5 Bxc1 18. Rxc1 c5 19. dxc5 Qxc5 20. Qf3 Rad8 21.
Rcd1 Qc7 22. c3 a6 23. g4 g5 24. Qg3 g6 25. Nf3 Nf4 26. Nxg5 Rxd1 27. Rxd1 Qe5
28. Nf3 Qe4 29. Re1 Ne2 30. Qg2 Rd8 31. Bd1 Nf4 32. Qg3 Qc4 33. Ne5 Qd5+ 34. Bf3
Qc5 35. Qxf4 Qxf2 36. Qe3 Qxb2 37. Bg2 Rd2 38. Qf3 1-0

[Event "Bansko Grand Chess Open"]
[Site "Bansko BUL"]
[Date "2010.12.15"]
[Round "4.20"]
[White "Ivanov, Bogidar"]
[Black "Aggelis, Nikolaos"]
[Result "1/2-1/2"]
[BlackTitle "FM"]
[WhiteElo "2179"]
[BlackElo "2337"]
[WhiteFideId "2907305"]
[BlackFideId "4213220"]
[EventDate "2010.12.13"]

1. e4 e5 2. Nf3 Nc6 3. Bc4 Nf6 4. d3 Bc5 5. c3 d6 6. Bb3 Bb6 7. Nbd2 Ne7 8. Nc4
Ng6 9. a4 c6 10. Nxb6 axb6 11. Rb1 O-O 12. O-O h6 13. Re1 Bg4 14. h3 Bh5 15. g3
d5 16. Qe2 Qd7 17. Kg2 Rfe8 18. Bc2 Re6 19. Qf1 Rae8 20. Ng1 Rd6 21. f3 Nf8 22.
g4 Bg6 23. Qf2 Ne6 24. Ne2 h5 25. Ng3 dxe4 26. dxe4 Nf4+ 27. Bxf4 exf4 28. Nf1
hxg4 29. hxg4 Re5 30. Rbd1 Bxe4 31. Rxd6 Qxg4+ 32. Ng3 fxg3 33. Rd8+ Kh7 34.
Qxg3 Qxg3+ 35. Kxg3 Rg5+ 36. Kf2 Bxc2 37. Re7 Bxa4 38. Rxf7 Rb5 39. b4 c5 40.
Rb8 cxb4 41. cxb4 Rxb4 42. Rbxb7 Nh5 43. Rf5 Kg6 44. Re5 Bb3 45. Rc7 Bc4 46. Re1
b5 47. Rg1+ Kh6 48. Rc8 Kh7 49. Rh1 Rb2+ 50. Ke3 Rb3+ 51. Ke4 Bf7 52. f4 Rb4+
53. Ke5 Rc4 54. Rf8 Rc5+ 55. Kd4 Rf5 56. Rxh5+ Rxh5 57. Rxf7 Kg6 58. Rb7 Rf5 59.
Ke4 Rc5 60. Kd4 Rh5 61. Ke4 Kf6 62. Rb6+ Kf7 63. Rb7+ Kg6 64. f5+ Kf6 65. Rb6+ 1/2-1/2

[Event "Bansko Grand Chess Open"]
[Site "Bansko BUL"]
[Date "2010.12.15"]
[Round "4.23"]
[White "Galburd, Yan"]
[Black "Stojanov, Alexandar"]
[Result "1-0"]
[WhiteElo "2322"]
[BlackElo "2148"]
[WhiteFideId "2808528"]
[BlackFideId "2907941"]
[EventDate "2010.12.13"]

1. c4 d6 2. g3 g6 3. Bg2 Bg7 4. Nc3 e5 5. d3 f5 6. Nf3 Nf6 7. Bg5 c6 8. O-O h6
9. Bd2 g5 10. e3 O-O 11. Rb1 a5 12. a3 Be6 13. Qe2 Nbd7 14. Rfc1 Qe7 15. b4 axb4
16. axb4 Qf7 17. Nd1 Ra2 18. Rb2 Rxb2 19. Nxb2 g4 20. Ne1 Nh7 21. b5 f4 22. exf4
Nc5 23. f5 Qxf5 24. Nc2 Nb3 25. Rb1 Nxd2 26. Qxd2 Ng5 27. Ne3 Qf7 28. Nbd1 d5
29. bxc6 bxc6 30. Qe2 Nf3+ 31. Kh1 d4 32. Nf1 Qg6 33. Nb2 Bf5 34. Nd2 Nxd2 35.
Qxd2 e4 36. dxe4 Bxe4 37. Re1 Bf5 38. Bf1 Be4+ 39. Kg1 Rb8 40. Nd3 Qf5 41. Nc5
Bf3 42. Ne6 Qf6 43. Nf4 Qf7 44. Bd3 Bf8 45. Qc2 Qb7 46. Bf5 Qb4 47. Rf1 Qe7 48.
Be6+ Kg7 49. Qg6+ 1-0

[Event "Bansko Grand Chess Open"]
[Site "Bansko BUL"]
[Date "2010.12.15"]
[Round "4.26"]
[White "Kanakaris, Georgios"]
[Black "Anev, Asen"]
[Result "1-0"]
[WhiteElo "2285"]
[BlackElo "2090"]
[WhiteFideId "4209460"]
[BlackFideId "2904934"]
[EventDate "2010.12.13"]

1. d4 Nf6 2. c4 g6 3. Nc3 d5 4. Nf3 Bg7 5. e3 O-O 6. Be2 dxc4 7. Bxc4 c5 8. O-O
a6 9. a4 Nc6 10. d5 Na5 11. Ba2 c4 12. e4 e6 13. Bg5 h6 14. Bxf6 Bxf6 15. e5 Bg7
16. d6 Bd7 17. Qe2 Rc8 18. Qe3 b5 19. axb5 axb5 20. Bb1 Nb3 21. Ra7 Bc6 22. Ne4
Bd5 23. Re7 Bxe4 24. Bxe4 Nc5 25. h4 Nxe4 26. Qxe4 b4 27. Rc1 Qa5 28. d7 Rc5 29.
Rxc4 Bxe5 30. Rxc5 Qxc5 31. Re8 Bf6 32. Qf4 Bd8 33. Ne5 Bc7 34. Qxf7+ 1-0

[Event "Bansko Grand Chess Open"]
[Site "Bansko BUL"]
[Date "2010.12.16"]
[Round "5.1"]
[White "Savchenko, Boris"]
[Black "Nabaty, Tamir"]
[Result "1/2-1/2"]
[WhiteTitle "GM"]
[BlackTitle "IM"]
[WhiteElo "2632"]
[BlackElo "2529"]
[WhiteFideId "4147332"]
[BlackFideId "2809052"]
[EventDate "2010.12.13"]

1. e4 e5 2. Nf3 Nc6 3. d4 exd4 4. Nxd4 Nf6 5. Nxc6 bxc6 6. e5 Qe7 7. Qe2 Nd5 8.
c4 Ba6 9. b3 g6 10. Ba3 Qxa3 11. Nxa3 Bb4+ 12. Qd2 Bxd2+ 13. Kxd2 Ne7 14. Re1
Rf8 15. c5 Bxf1 16. Rhxf1 Rb8 17. Re4 Nd5 18. Ra4 Rb7 19. Re1 Ke7 20. Ree4 f6
21. exf6+ Kxf6 22. Nc4 Rd8 23. Ne5 Rb5 24. Ng4+ Kf7 25. Rxa7 Rxc5 26. a4 Nc3 27.
Rf4+ Ke6 28. Ne3 Nb1+ 29. Ke2 Nc3+ 30. Kd3 Na2 31. Kd2 Rb8 32. Re4+ Re5 33.
Rxe5+ Kxe5 34. Kc2 Nb4+ 35. Kd2 Nd5 36. Nxd5 Kxd5 37. Kc3 Kd6 38. b4 Re8 39. a5
Re2 40. Ra8 Rxf2 41. Kb3 Rxg2 42. Rf8 Rg1 43. Kb2 Rg4 44. Kc3 Rg1 45. Kb2 Rg2+
46. Kb3 Rg1 47. Kb2 1/2-1/2

[Event "Bansko Grand Chess Open"]
[Site "Bansko BUL"]
[Date "2010.12.16"]
[Round "5.2"]
[White "Georgiev, Vladimir"]
[Black "Dobrev, Nanko"]
[Result "1-0"]
[WhiteTitle "GM"]
[BlackTitle "IM"]
[WhiteElo "2582"]
[BlackElo "2376"]
[WhiteFideId "2903024"]
[BlackFideId "2901633"]
[EventDate "2010.12.13"]

1. d4 Nf6 2. c4 e6 3. Nc3 Bb4 4. e3 O-O 5. Bd3 b6 6. e4 d5 7. cxd5 exd5 8. e5
Ne4 9. Ne2 Bg4 10. Qc2 Bxe2 11. Kxe2 Bxc3 12. bxc3 Qh4 13. Be3 f5 14. f3 c6 15.
Raf1 Re8 16. Kd1 Qh5 17. g4 Qh3 18. gxf5 Nd6 19. Rhg1 Nc4 20. Bxc4 dxc4 21. f6 1-0

[Event "Bansko Grand Chess Open"]
[Site "Bansko BUL"]
[Date "2010.12.16"]
[Round "5.4"]
[White "Korobkov, Piotr"]
[Black "Spasov, Vasil"]
[Result "1-0"]
[BlackTitle "GM"]
[WhiteElo "2484"]
[BlackElo "2606"]
[WhiteFideId "14112787"]
[BlackFideId "2900041"]
[EventDate "2010.12.13"]

1. d4 Nf6 2. c4 g6 3. Nc3 Bg7 4. e4 d6 5. Be2 O-O 6. Be3 e5 7. d5 a5 8. g4 Na6
9. h4 Nc5 10. Bf3 c6 11. g5 Nfd7 12. dxc6 bxc6 13. Qxd6 Ne6 14. Nge2 c5 15. Bg4
Nd4 16. Bxd4 exd4 17. Nd5 Re8 18. Qc7 d3 19. Qxd8 Rxd8 20. Nec3 Ba6 21. Bxd7
Rxd7 22. Kd2 Bd4 23. Nb6 Rb7 24. Nxa8 Rxb2+ 25. Kxd3 Rxf2 26. Raf1 Rg2 27. Rf3
Bc8 28. Ne2 Be5 29. Rhf1 Be6 30. Nf4 Bxf4 31. Rxf4 Rxa2 32. Nc7 Ra3+ 33. Kc2
Bxc4 34. R1f3 1-0

[Event "Bansko Grand Chess Open"]
[Site "Bansko BUL"]
[Date "2010.12.16"]
[Round "5.5"]
[White "Perunovic, Miodrag"]
[Black "Grigoryan, Avetik"]
[Result "0-1"]
[WhiteTitle "IM"]
[BlackTitle "GM"]
[WhiteElo "2465"]
[BlackElo "2580"]
[WhiteFideId "919993"]
[BlackFideId "13302191"]
[EventDate "2010.12.13"]

1. d4 g6 2. c4 Nf6 3. Nc3 Bg7 4. e4 d6 5. h3 O-O 6. Nf3 Na6 7. Bg5 Qe8 8. g4 c5
9. Qd2 Bd7 10. e5 cxd4 11. Qxd4 Bc6 12. Qe3 dxe5 13. O-O-O Rc8 14. Be2 Nc5 15.
Rhe1 Nfe4 16. Nxe4 Nxe4 17. Bh6 Nxf2 18. Bxg7 Nxd1 19. Qh6 Bxf3 20. Bxf3 Rxc4+
21. Kxd1 Qa4+ 22. Ke2 Qc2+ 23. Ke3 Rd8 24. Be2 Rf4 0-1

[Event "Bansko Grand Chess Open"]
[Site "Bansko BUL"]
[Date "2010.12.16"]
[Round "5.6"]
[White "Mastrovasilis, Athanasios"]
[Black "Nikolaidis, Ioannis"]
[Result "0-1"]
[WhiteTitle "GM"]
[BlackTitle "GM"]
[WhiteElo "2556"]
[BlackElo "2552"]
[WhiteFideId "4201990"]
[BlackFideId "4202139"]
[EventDate "2010.12.13"]

1. d4 Nf6 2. c4 e6 3. g3 d5 4. Bg2 Bb4+ 5. Bd2 Be7 6. Nf3 c6 7. Qc2 b5 8. c5 a5
9. Ne5 Nfd7 10. Nd3 Bf6 11. e3 e5 12. dxe5 Nxe5 13. Nxe5 Bxe5 14. Bc3 Qe7 15.
Bxe5 Qxe5 16. Nd2 Bf5 17. e4 dxe4 18. Bxe4 O-O 19. O-O Bxe4 20. Nxe4 Na6 21.
Rfe1 Rad8 22. h4 Nb4 23. Qe2 Nd3 24. Nd6 Nxe1 25. Rxe1 Qxe2 26. Rxe2 Rd7 27. Nf5
Rc7 28. Ne7+ Kh8 29. h5 h6 30. f4 Rd8 31. Kg2 Kh7 32. Nf5 Rd5 33. g4 Rcd7 0-1

[Event "Bansko Grand Chess Open"]
[Site "Bansko BUL"]
[Date "2010.12.16"]
[Round "5.7"]
[White "Danielsen, Henrik"]
[Black "Gvetadze, Sopio"]
[Result "1-0"]
[WhiteTitle "GM"]
[BlackTitle "IM"]
[WhiteElo "2516"]
[BlackElo "2350"]
[WhiteFideId "1400185"]
[BlackFideId "13601440"]
[EventDate "2010.12.13"]

1. d4 d5 2. Bf4 Nf6 3. e3 e6 4. Nd2 c5 5. c3 Nc6 6. Ngf3 Bd6 7. Bg3 Bxg3 8. hxg3
Qd6 9. Bb5 O-O 10. O-O a6 11. Bxc6 bxc6 12. Qa4 c4 13. Ne5 Bd7 14. b3 cxb3 15.
Nxb3 Ne4 16. c4 Be8 17. c5 Qc7 18. Qa5 Qc8 19. Nd2 Nxd2 20. Qxd2 f6 21. Nd3 Bg6
22. Rab1 e5 23. Rb6 exd4 24. exd4 a5 25. Nf4 Bf5 26. f3 Re8 27. g4 Bg6 28. Re1
Qc7 29. Re6 Rxe6 30. Nxe6 Qd7 31. Nf4 a4 32. Kf2 Qc7 33. g3 Bf7 34. Qb4 Re8 35.
Rb7 Qc8 36. Qb6 g5 37. Rc7 Qa8 38. Nh5 Re6 39. Rb7 Qf8 40. Qc7 a3 41. Kf1 Bg6
42. Kf2 Bf7 43. Qd7 h6 44. Qc7 1-0

[Event "Bansko Grand Chess Open"]
[Site "Bansko BUL"]
[Date "2010.12.16"]
[Round "5.8"]
[White "Nikolova, Adriana"]
[Black "Grigorov, Grigor"]
[Result "0-1"]
[WhiteTitle "WIM"]
[BlackTitle "IM"]
[WhiteElo "2328"]
[BlackElo "2479"]
[WhiteFideId "2908689"]
[BlackFideId "2907313"]
[EventDate "2010.12.13"]

1. e4 c5 2. Nf3 d6 3. d4 cxd4 4. Nxd4 Nf6 5. Nc3 e6 6. Bd3 a6 7. Qe2 Nbd7 8. O-O
b5 9. Nb3 Bb7 10. f4 Qc7 11. a4 b4 12. Nd1 Be7 13. Nf2 e5 14. Bd2 O-O 15. Bxb4
exf4 16. Ba5 Qb8 17. Bd2 d5 18. Na5 dxe4 19. Nxe4 Bxe4 20. Bxe4 Re8 21. Rxf4 Bd6
22. Rh4 Bxh2+ 23. Rxh2 Rxe4 24. Qf3 Ne5 25. Qf5 Qb6+ 26. Kf1 g6 27. Qf2 Qxb2 28.
Re1 Neg4 29. Qg3 Nxh2+ 30. Qxh2 Qxc2 31. Qd6 Rxe1+ 32. Bxe1 Re8 33. Qd2 Qxd2 34.
Bxd2 Re4 35. Nc6 Rxa4 36. Bh6 Nd5 0-1

[Event "Bansko Grand Chess Open"]
[Site "Bansko BUL"]
[Date "2010.12.16"]
[Round "5.9"]
[White "Arnaudov, G. Petar"]
[Black "Galburd, Yan"]
[Result "1/2-1/2"]
[WhiteTitle "IM"]
[WhiteElo "2468"]
[BlackElo "2322"]
[WhiteFideId "2907127"]
[BlackFideId "2808528"]
[EventDate "2010.12.13"]

1. d4 Nf6 2. c4 g6 3. Nc3 Bg7 4. e4 d6 5. h3 O-O 6. Nf3 c5 7. d5 e6 8. Bd3 exd5
9. exd5 Re8+ 10. Be3 Bh6 11. O-O Bxe3 12. fxe3 Qe7 13. e4 Nbd7 14. Qd2 Ne5 15.
Nxe5 Qxe5 16. Rf3 Rf8 17. Raf1 Nd7 18. Qf2 Qe7 19. Be2 a6 20. Qg3 f6 21. Rf4 Ne5
22. Nd1 b5 23. Ne3 bxc4 24. Bxc4 Rb8 25. b3 a5 26. Qe1 a4 27. Qc3 axb3 28. Bxb3
Kg7 29. Bc4 Rb4 30. a3 Rb7 31. Be2 Bd7 32. Kh1 Ra8 1/2-1/2

[Event "Bansko Grand Chess Open"]
[Site "Bansko BUL"]
[Date "2010.12.16"]
[Round "5.10"]
[White "Malikentzos, Sotirios"]
[Black "Zaslavsky, Mikhail"]
[Result "1/2-1/2"]
[BlackTitle "IM"]
[WhiteElo "2312"]
[BlackElo "2424"]
[WhiteFideId "4215079"]
[BlackFideId "2807670"]
[EventDate "2010.12.13"]

1. d4 Nf6 2. c4 g6 3. g3 Bg7 4. Bg2 d5 5. cxd5 Nxd5 6. Nf3 O-O 7. O-O Nb6 8. Nc3
Nc6 9. e3 Re8 10. d5 Na5 11. Nd4 Bd7 12. a4 c5 13. dxc6 bxc6 14. b4 e5 15. Nde2
Nac4 16. a5 Nc8 17. Ne4 Rb8 18. Qc2 Rxb4 19. Bd2 Nxd2 20. Qxd2 Qe7 21. Nc5 1/2-1/2

[Event "Bansko Grand Chess Open"]
[Site "Bansko BUL"]
[Date "2010.12.16"]
[Round "5.11"]
[White "Collas, Silvia"]
[Black "Ashwin, Jayaram"]
[Result "1/2-1/2"]
[WhiteTitle "IM"]
[BlackTitle "IM"]
[WhiteElo "2300"]
[BlackElo "2420"]
[WhiteFideId "2902265"]
[BlackFideId "5018137"]
[EventDate "2010.12.13"]

1. d4 Nf6 2. Nf3 d6 3. c4 g6 4. Nc3 Bg7 5. Bg5 h6 6. Bh4 g5 7. Bg3 Nh5 8. e3 c5
9. Be2 cxd4 10. Nxd4 Nxg3 11. hxg3 Nc6 12. Qd2 Qa5 13. Rd1 Bd7 14. Nb3 Bxc3 15.
bxc3 Qe5 16. c5 Rd8 17. cxd6 Bc8 18. Nd4 Rxd6 19. Nxc6 bxc6 20. Qb2 Rxd1+ 21.
Bxd1 O-O 22. Qa3 Rd8 23. O-O a5 24. Bf3 Rd3 25. Rc1 Kg7 26. Bxc6 Rd2 27. c4 Qf6
28. f4 Bf5 29. Qxa5 Rd3 30. Qe5 Qxe5 31. fxe5 Rxe3 32. c5 Rxe5 33. Kf2 Bd3 34.
Bf3 f5 35. g4 fxg4 36. Bxg4 Re4 37. Bf3 Ra4 38. Bd5 Ra5 39. Ke3 Ba6 40. Ke4 Kf6
41. Bb3 e5 42. Kd5 Ke7 43. g3 h5 44. Ke4 h4 45. gxh4 gxh4 46. Kxe5 h3 47. Bd5
Bc8 48. Rc3 Rb5 49. a4 Rb1 50. Rg3 Re1+ 51. Be4 h2 52. Rg7+ Kd8 53. Rh7 Bb7 54.
Rh8+ Kd7 55. Rh7+ Ke8 56. Rh8+ Kf7 57. Rh7+ Kf8 58. Rh8+ Kg7 59. Rh7+ Kg8 60.
Rxh2 Rxe4+ 61. Kd6 Rxa4 62. c6 Bc8 63. Rb2 Kf7 64. Rf2+ Ke8 65. Re2+ Kf7 66.
Rf2+ Kg7 67. Rg2+ Kf6 68. Rf2+ Bf5 69. Rxf5+ Kxf5 70. c7 Rc4 71. Kd7 Rd4+ 72.
Ke7 Re4+ 73. Kd7 Rd4+ 74. Ke7 Rc4 75. Kd7 1/2-1/2

[Event "Bansko Grand Chess Open"]
[Site "Bansko BUL"]
[Date "2010.12.16"]
[Round "5.12"]
[White "Dimitrov, Radoslav"]
[Black "Kanakaris, Georgios"]
[Result "1/2-1/2"]
[WhiteTitle "IM"]
[WhiteElo "2410"]
[BlackElo "2285"]
[WhiteFideId "2908549"]
[BlackFideId "4209460"]
[EventDate "2010.12.13"]

1. c4 Nf6 2. Nc3 g6 3. g3 Bg7 4. Bg2 O-O 5. e3 d6 6. Nge2 e5 7. O-O Nc6 8. h3
Be6 9. Nd5 Qd7 10. Kh2 Bxd5 11. cxd5 Ne7 12. e4 c6 13. dxc6 Nxc6 14. Nc3 Ne8 15.
d3 Nc7 16. Be3 Kh8 17. Qd2 f5 18. f4 Ne6 19. exf5 gxf5 20. Rf2 Ncd4 21. Raf1
exf4 22. gxf4 Rf6 23. Ne2 Nxe2 24. Rxe2 Rg6 25. Qb4 Nc5 26. Bxc5 dxc5 27. Qxb7
Qxb7 28. Bxb7 Rb8 29. b3 Rd6 30. Re3 Bh6 31. Bg2 Rd4 32. Kh1 Bxf4 33. Ref3 Bd6
34. Rxf5 Rxd3 35. Rf7 Rd2 36. R1f2 Rxf2 37. Rxf2 Re8 38. Bd5 Re3 39. Rf6 Rxh3+
40. Kg2 Rg3+ 41. Kf2 Rg6 42. Rxg6 hxg6 43. Ke3 Kg7 44. Kd3 Be5 45. Kc4 Bd6 46.
Kb5 Kf6 47. Ka6 Ke5 48. Bf7 g5 49. Kxa7 g4 50. Bh5 g3 51. Bf3 c4 52. bxc4 Kd4
53. Bd5 Ba3 54. Ka6 g2 55. Bxg2 Kxc4 56. Ka5 Bc1 57. a4 Bd2+ 58. Kb6 Kb3 59. Kb5
Ka3 60. a5 Bxa5 1/2-1/2

[Event "Bansko Grand Chess Open"]
[Site "Bansko BUL"]
[Date "2010.12.16"]
[Round "5.13"]
[White "Fazulyanov, Sergey"]
[Black "Gochev, Mladen"]
[Result "1/2-1/2"]
[WhiteTitle "FM"]
[WhiteElo "2365"]
[BlackElo "2261"]
[WhiteFideId "4153383"]
[BlackFideId "2900718"]
[EventDate "2010.12.13"]

1. e4 c5 2. Nf3 g6 3. d4 cxd4 4. Nxd4 Nc6 5. c4 Nf6 6. Nc3 Nxd4 7. Qxd4 d6 8.
Be3 Bg7 9. f3 O-O 10. Qd2 a5 11. Na4 Be6 12. Be2 Nd7 13. Rc1 Qc7 14. O-O Nc5 15.
Nc3 a4 16. Rc2 Rfc8 17. Rb1 f5 18. Nd5 Qd8 19. Bg5 Bxd5 20. exd5 Qf8 21. Bf1 1/2-1/2

[Event "Bansko Grand Chess Open"]
[Site "Bansko BUL"]
[Date "2010.12.16"]
[Round "5.14"]
[White "Berbatov, Kiprian"]
[Black "Pavlidou, Ekaterini"]
[Result "1-0"]
[WhiteTitle "IM"]
[BlackTitle "WIM"]
[WhiteElo "2461"]
[BlackElo "2188"]
[WhiteFideId "2910446"]
[BlackFideId "4213262"]
[EventDate "2010.12.13"]

1. e4 c5 2. Nf3 Nc6 3. d4 cxd4 4. Nxd4 Nf6 5. Nc3 e5 6. Ndb5 d6 7. Bg5 a6 8. Na3
b5 9. Bxf6 gxf6 10. Nd5 f5 11. Bd3 Be6 12. c3 Bg7 13. Nxb5 axb5 14. Bxb5 Bd7 15.
exf5 e4 16. O-O O-O 17. a4 Re8 18. Qg4 Kh8 19. Rad1 Rc8 20. Rfe1 Re5 21. Ne3 Qf6
22. Nc4 Bxf5 23. Qg3 Qe7 24. Nxd6 Rc7 25. Nxf5 Rxf5 26. Rxe4 Re5 27. Rxe5 Bxe5
28. Qf3 Qe6 29. g3 Kg7 30. Qe4 Na7 31. Bd3 h6 32. Re1 Re7 33. Re3 Qd6 34. a5 Nc6
35. a6 Kf8 36. Qf5 Qc7 37. Be4 Bd6 38. Qh7 Re6 39. Bxc6 Rxe3 40. Qh8+ Ke7 41.
Qe8+ Kf6 42. fxe3 Qb6 43. Bb5 Qa5 44. Kg2 Qa2 45. Kh3 Qd5 46. e4 Qh5+ 47. Kg2
Qd1 48. a7 1-0

[Event "Bansko Grand Chess Open"]
[Site "Bansko BUL"]
[Date "2010.12.16"]
[Round "5.15"]
[White "Georgiev, Krum"]
[Black "Ivanov, Bogidar"]
[Result "1-0"]
[WhiteTitle "GM"]
[WhiteElo "2422"]
[BlackElo "2179"]
[WhiteFideId "2900092"]
[BlackFideId "2907305"]
[EventDate "2010.12.13"]

1. e4 Nf6 2. Nc3 d5 3. exd5 Nxd5 4. Bc4 Nb6 5. Bb3 c5 6. Qh5 e6 7. d3 Nc6 8. Bg5
Be7 9. Nf3 Nd4 10. Bxe7 Qxe7 11. Nxd4 cxd4 12. Ne4 Qb4+ 13. c3 dxc3 14. bxc3 Qe7
15. O-O O-O 16. Rae1 Rd8 17. f4 g6 18. Qh6 f5 19. Ng5 Nd5 20. Rf3 Qg7 21. Qh4
Qe7 22. d4 h5 23. h3 b5 24. g4 fxg4 25. hxg4 hxg4 26. Qxg4 Rd6 27. Ne4 Rd8 28.
Rg3 Qg7 29. Qg5 Ne7 30. f5 Qf7 31. fxg6 Qg7 32. Rf1 Rf8 33. Nf6+ 1-0

[Event "Bansko Grand Chess Open"]
[Site "Bansko BUL"]
[Date "2010.12.16"]
[Round "5.16"]
[White "Maksimovic, Branimir"]
[Black "Dichev, Nedelcho"]
[Result "1-0"]
[WhiteTitle "IM"]
[WhiteElo "2421"]
[BlackElo "2142"]
[WhiteFideId "901490"]
[BlackFideId "2901749"]
[EventDate "2010.12.13"]

1. d4 Nf6 2. Nc3 d5 3. Nf3 Bf5 4. Bf4 e6 5. e3 Be7 6. Be2 O-O 7. Ne5 Ne4 8. Nxe4
Bxe4 9. O-O c5 10. c3 Nc6 11. Nxc6 bxc6 12. Qa4 Qb6 13. b3 a5 14. Rac1 Rac8 15.
Rfd1 Rfd8 16. Be5 cxd4 17. cxd4 f6 18. Bg3 Bg6 19. Bg4 c5 20. Qa3 Kf7 21. Qa4
Kf8 22. Be2 Be8 23. dxc5 Bxc5 24. Qh4 Bg6 25. h3 Ba3 26. Rxc8 Rxc8 27. Bd3 Kf7
28. Qa4 Be7 29. Qd7 Qc6 30. Bxg6+ hxg6 31. Qa7 Qc5 32. Qa6 Rc6 33. Qb7 e5 34.
Kh2 Rd6 35. f4 d4 36. fxe5 fxe5 37. exd4 Rxd4 38. Rf1+ Ke6 39. Bf2 Qb4 40. Qc8+
Rd7 41. Qg8+ Kd6 42. Rd1+ Kc7 43. Rc1+ Kd6 44. Bc5+ Qxc5 45. Rxc5 Kxc5 46. Qe6
Rc7 47. Qxe5+ Kb6 48. Qe6+ Kc5 49. Qxg6 Bf6 50. Qf5+ Kb6 51. Qf2+ Rc5 52. h4 Kc6
53. Qf3+ Kd6 54. Qd3+ Kc7 55. Qe4 Kd6 56. g4 Be5+ 57. Kg2 Rd5 58. g5 Rd2+ 59.
Kf3 Rxa2 60. Qd3+ Ke7 61. Ke4 Bd6 62. Kf5 Rf2+ 63. Kg6 Rf4 64. Qe3+ Kd7 65. Qh3+
Ke7 66. Kxg7 1-0

[Event "Bansko Grand Chess Open"]
[Site "Bansko BUL"]
[Date "2010.12.16"]
[Round "5.19"]
[White "Pavlidis, Anastasios"]
[Black "Iskos, Alexandros"]
[Result "1/2-1/2"]
[WhiteTitle "FM"]
[WhiteElo "2352"]
[BlackElo "2080"]
[WhiteFideId "4208404"]
[BlackFideId "4208676"]
[EventDate "2010.12.13"]
[EventType "swiss"]

1. d4 e6 2. e4 d5 3. Nc3 dxe4 4. Nxe4 Nf6 5. Bg5 Be7 6. Bxf6 Bxf6 7. Nf3 Bd7 8.
Bd3 Bc6 9. c3 Nd7 10. Qc2 Bxe4 11. Bxe4 c6 12. O-O-O Qc7 13. Bxh7 g6 14. Bxg6
Qf4+ 15. Nd2 fxg6 16. Qxg6+ Ke7 17. g3 Qxf2 18. Rdf1 Qe3 19. Rxf6 Nxf6 20. Qg7+
Kd6 21. Qxf6 Raf8 22. Qe5+ Qxe5 23. Nc4+ Kd5 24. Nxe5 Rfg8 25. Nd7 Rxg3 26. Nf6+
Kc4 27. b3+ Kb5 28. hxg3 Rxh1+ 29. Kd2 c5 30. Ke3 cxd4+ 31. Kxd4 Kc6 32. Ke5 Ra1
33. a4 Ra3 34. g4 Rxb3 35. Ne4 Ra3 36. g5 Rxa4 37. g6 Ra1 38. Kxe6 Rg1 39. Kf6
Rxg6+ 40. Kxg6 Kd5 41. Nd2 a5 42. c4+ Ke5 43. Kf7 a4 44. Ke7 Kd4 45. Kd6 a3 46.
c5 a2 47. Nb3+ Kc3 48. Na1 Kb2 49. Kc7 Kxa1 50. Kxb7 Kb2 51. c6 a1=Q 52. c7 Qh1+
53. Kb8 Qh2 54. Kb7 Qg2+ 55. Ka7 Qc6 56. Kb8 Qb6+ 57. Ka8 1/2-1/2

[Event "Bansko Grand Chess Open"]
[Site "Bansko BUL"]
[Date "2010.12.16"]
[Round "5.20"]
[White "Aggelis, Nikolaos"]
[Black "Kolev, Atanas Tonchev"]
[Result "0-1"]
[WhiteTitle "FM"]
[WhiteElo "2337"]
[BlackElo "2049"]
[WhiteFideId "4213220"]
[BlackFideId "2901463"]
[EventDate "2010.12.13"]
[EventType "swiss"]

1. Nf3 Nf6 2. g3 g6 3. Bg2 Bg7 4. O-O O-O 5. d4 d6 6. Nc3 Nbd7 7. e4 e5 8. a4 b6
9. a5 Ba6 10. Re1 c6 11. b3 Qc7 12. Ba3 Rfe8 13. Qd2 b5 14. dxe5 dxe5 15. Bd6
Qb7 16. b4 Rad8 17. Qe3 Ng4 18. Qg5 Nh6 19. Rad1 f6 20. Qe3 Nf7 21. Bh3 Nxd6 22.
Rxd6 Bf8 23. Rd3 Nb8 24. Nb1 Qf7 25. c3 Rxd3 26. Qxd3 Bc8 27. Bxc8 Rxc8 28. Rd1
a6 29. Nbd2 c5 30. bxc5 Bxc5 31. c4 b4 32. Qd5 Qxd5 33. cxd5 Bd6 34. Kf1 Rc2 35.
Nb3 Rc3 36. Nfd2 Nd7 37. Ke2 Nc5 38. Rb1 f5 39. f3 Kf7 40. Rc1 Nxb3 41. Rxc3
Nd4+ 42. Kd3 bxc3 43. Kxc3 Ke7 44. Kc4 fxe4 45. fxe4 h5 46. Kc3 g5 47. h4 g4 48.
Kc4 Kd7 49. Nf1 Bc7 50. Kb4 Ne2 51. Kc5 Bxa5 52. Ne3 Nxg3 53. d6 Nxe4+ 54. Kd5
Nxd6 55. Kxe5 Bd8 0-1